LEADER 02858nam a2200421 u 4500 001 000000111080 003 CaOOAMICUS 005 20080722130025.0 008 080407m20029999it u000 u ita u 020 $a88-13-23409-0 (v. 3) 020 $a88-13-23408-2 (v. 2) 020 $z978-88-13-26365-2 (v. 3.2)* 040 $aPUL$bita$dLDB 100 1 $aMontesano, Luigi.$0(OLS)http://pul/name/42649 245 10$aTrattato di diritto processuale civile /$cLuigi Montesano, Giovanni Arieta. 260 $aTorino :$bGiappichelli,$c[2002-2007] 300 $a4 v. in 8 ;$c25 cm. 500 $aContiene indici. 504 $aBibliografia in nota. 505 1 $av. 1. Principi generali. Rito ordinario di cognizione. -- v.2. Riti differenziati di cognizione. -- v.3. Riti sommari cautelari e non. L'esecuzione forzata -- v.4. Fonti normative. Indice generale. 650 4$aDiritto processuale civile.$0(OLS)http://pul/subject/1785 650 4$aProcedura civile.$0(OLS)http://pul/subject/1677 700 1 $aArieta, Giovanni.$0(OLS)http://pul/name/42650 850 $aPUL 852 $aPUL$W1$xSL Diritto e Scienze Sociali 3$y79$m347. 9 COLL 2.1$j127337$av. 2.1$qDDC 21$B126044$CPULBib$Z2$F126044 $H106909 $82 852 $aPUL$W1$xSL Diritto e Scienze Sociali 3$y79$m347. 9 COLL 2.2$j127338$av. 2.2$qDDC 21$B126045$CPULBib$Z2$F126045 $H106910 $82 852 $aPUL$W1$xSL Diritto e Scienze Sociali 3$y79$m347. 9 COLL 2.2CD$j127339$av. 2.2CD-Rom$qDDC 21$B126046$CPULBib$Z2$F126046 $H106911 $82 852 $aPUL$W1$xSL Diritto e Scienze Sociali 3$y79$m347. 9 COLL 3.1$j127340$av. 3.1$qDDC 21$B126047$CPULBib$Z2$F126047 $H106911 $82 852 $aPUL$W1$xSL Diritto e Scienze Sociali 3$y79$m347. 9 COLL 3.1CD$j127341$av. 3.1CD-Rom $qDDC 21$B126048$CPULBib$Z2$F126048 $H106908 $82 852 $aPUL$W1$xSL Diritto e Scienze Sociali 3$y79$m347. 9 COLL 3.2$j129099$av. 3.2$qDDC 21$B128066$CPULBib$Z2$F128066 $H107491 $82 852 $aPUL$W1$xSL Diritto e Scienze Sociali 3$y79$m347. 9 COLL 3.2,2$j129100$av. 3.2,2$qDDC 21$B128067$CPULBib$Z2$F128067 $H107734 $82 852 $aPUL$W1$xSL Diritto e Scienze Sociali 3$y79$m347. 9 COLL 3.2,2CD$j129101$av. 3.2,2, CD-Rom$qDDC 21$B128068$CPULBib$Z2$F128068 $H107734 $82 941 1 $a9 996 $6020$a88-13-23409-0 (v. 3)$9(OLS)http://pul/number/137662 996 $6020$a88-13-23408-2 (v. 2)$9(OLS)http://pul/number/137661 996 $6020$z978-88-13-26365-2 (v. 3.2)*$9(OLS)http://pul/number/138564 996 $6245$aTrattato di diritto processuale civile$9(OLS)http://pul/title/139648 996 $6260$aTorino :$bGiappichelli$9(OLS)http://pul/publisher/48244 LEADER 01391nam a2200277 a 4500 001 000000175794 003 CaOOAMICUS 005 20230220155451.0 008 230220s2022 be a u000 u fre r 020 $z978-2-503-60241-7* 032 $aLibriCat 040 $aPUL$bita 245 03$aLe collège sacerdotal avestique et ses dieux : $baux origines indo-iraniennes d'une tradition mimétique (mythologica Indo-Iranica II) /$cAntonio C.D. Panaino. 260 $aTurnhout :$bBrepols,$c©2022. 300 $a328 p. :$aill.;$c24 cm 490 1 $aBibliothèque de l'Ecole des hautes études. Sciences religieuses ;$v195 504 $aInclude riferimenti bibliografici ed indice 650 4$aMonoteismo$xreligioni comparate.$0(OLS)http://pul/subject/45847 830 0$aBibliothèque de l'Ecole des hautes études.$pSciences religieuses ;$v195.$0(OLS)http://pul/title/13429 850 $aPUL 852 $aPUL$W1$xSL Religione 1$y3$m52 I 195$j199956$qStampati$B204738$CPULBib$Z2$F204738 $H136087 $82 941 1 $a8 996 $6020$z978-2-503-60241-7*$9(OLS)http://pul/number/169060 996 $6245$aLe collège sacerdotal avestique et ses dieux : $baux origines indo-iraniennes d'une tradition mimétique (mythologica Indo-Iranica II)$9(OLS)http://pul/title/217254 996 $6260$aTurnhout :$bBrepols$9(OLS)http://pul/publisher/47850